| 000 | 00488nam a2200193Ia 4500 | ||
|---|---|---|---|
| 003 | GCL | ||
| 008 | 140319s9999 xx 000 0 eng d | ||
| 040 |
_aGCL / _cGCL |
||
| 082 | 0 | 4 |
_a411 _bB S |
| 100 | 1 | _aBERGGREN, OLAF | |
| 245 | 1 | 0 |
_aSCRIPTS / _cBERGGREN, OLAF |
| 260 |
_aالقاهرة : _bLIBRARY OF ALEXANDRIA ، _c2002 |
||
| 300 |
_a32 CM ؛ _c177 P |
||
| 650 | 0 | 4 | _aALPHABET |
| 650 | 0 | 4 | _aWRITING |
| 650 | 0 | 4 | _aLANGUAGE AND LANGUAGES |
| 650 | 0 | 4 | _aPALEGRAPHY |
| 942 |
_2ddc _cBK |
||
| 999 |
_c5760 _d5760 |
||